| 000 | 00927cab a2200277 4500 | ||
|---|---|---|---|
| 001 | ABS55120 | ||
| 008 | 090401t1996 xxu||||| |||| 00| 0 eng d | ||
| 035 | _a(Sirsi) u14350 | ||
| 041 | _aeng | ||
| 100 | _aCooper, R. | ||
| 245 | 4 | _aThe triumph of science | |
| 260 | _c1996 | ||
| 350 | _a0 | ||
| 490 |
_aRIBA Journal _v103(6) June 1996, 50-57(8) |
||
| 520 | _aPathology laboratory for Great Ormond Street Hospital in London. A building by DEGW designed flexibly enough to suit secondary uses. Comments on its adaptability, architectural features, costs and specifications. Images. | ||
| 650 | _aBUILDING FLEXIBILITY | ||
| 650 | _aBUILDING PROJECTS | ||
| 650 | _aCAMELIA BOTNAR LABORATORIES | ||
| 650 | _aDEGW | ||
| 650 | _aGREAT ORMOND STREET HOSPITAL | ||
| 650 | _aMODERN BUILDINGS | ||
| 650 | _aMULTI-PURPOSE BUILDINGS | ||
| 690 | _aBUILDING AND CONSTRUCTION-PROJECTS | ||
| 942 | _n0 | ||
| 948 | _c04/03/1997 | ||
| 999 |
_c9335 _d9335 |
||